|
|
|
|
| LEADER |
00000nam0a2200000 4500 |
| 001 |
154469 |
| 005 |
20231101221752.0 |
| 010 |
|
|
|a 0387324976
|
| 035 |
|
|
|a (RuTPU)RU\TPU\book\167552
|
| 090 |
|
|
|a 154469
|
| 100 |
|
|
|a 20090226d2006 k y0engy50 ba
|
| 101 |
0 |
|
|a eng
|
| 102 |
|
|
|a US
|
| 105 |
|
|
|a a g 001zy
|
| 200 |
1 |
|
|a Handbook of Applied Solid State Spectroscopy
|f D. R. Vij
|
| 210 |
|
|
|a New York
|c Springer
|d 2006
|
| 215 |
|
|
|a 741 p.
|c il.
|
| 320 |
|
|
|a Библиография в конце глав.
|
| 320 |
|
|
|a Index: p. 729-741.
|
| 606 |
1 |
|
|a Твердые тела
|x Спектроскопические исследования
|2 stltpush
|3 (RuTPU)RU\TPU\subj\58681
|9 76446
|
| 610 |
1 |
|
|a физика
|
| 610 |
1 |
|
|a спектроскопия
|
| 610 |
1 |
|
|a прикладные методы
|
| 610 |
1 |
|
|a исследования
|
| 610 |
1 |
|
|a свойства
|
| 610 |
1 |
|
|a структура
|
| 610 |
1 |
|
|a справочники
|
| 610 |
1 |
|
|a английский язык
|
| 675 |
|
|
|a 539.27
|v 3
|
| 700 |
|
1 |
|a Vij
|b D. R.
|
| 801 |
|
1 |
|a RU
|b 63413507
|c 20090226
|g PSBO
|
| 801 |
|
2 |
|a RU
|b 63413507
|c 20090305
|g PSBO
|
| 942 |
|
|
|c BK
|